Social image of the entrepreneur; Journal of Economics and Social Sciences; № 13
| Parent link: | Journal of Economics and Social Sciences: electronic scientific journal.— , 2012-.— 2312-2978 № 13.— 2018.— [5 p.] |
|---|---|
| Main Author: | |
| Corporate Author: | |
| Summary: | Title screen Currently the role of entrepreneurship has a special significance. The entrepreneur in the world is considered as “an engine” of a scientific and technological progress, a creator of spiritual and material benefits and the owner of special personal qualities. He/she is able to change the values of society and cultural traditions in addition to creating "new" ones. The new aspects of social function belonging to the entrepreneur can be observed. Entrepreneurship is a social and economic phenomenon that is necessary for the effective society development. Moreover, entrepreneurship education is a social order of the State. The purpose of training is not to turn everyone into entrepreneurs, but to help to understand entrepreneurial thinking, to see the world in different perspectives, to ensure the production of new knowledge. This paper formulates the concept of “entrepreneurial skills for a University student”. |
| Language: | English |
| Published: |
2018
|
| Series: | Социологические науки |
| Subjects: | |
| Online Access: | http://earchive.tpu.ru/handle/11683/52275 |
| Format: | Electronic Book Chapter |
| KOHA link: | https://koha.lib.tpu.ru/cgi-bin/koha/opac-detail.pl?biblionumber=582341 |
MARC
| LEADER | 00000naa2a2200000 4500 | ||
|---|---|---|---|
| 001 | 582341 | ||
| 005 | 20240115161158.0 | ||
| 035 | |a (RuTPU)RU\TPU\prd\282611 | ||
| 090 | |a 582341 | ||
| 100 | |a 20190114a2018 k y0engy50 ba | ||
| 101 | 0 | |a eng | |
| 102 | |a RU | ||
| 135 | |a drcn ---uucaa | ||
| 181 | 0 | |a i | |
| 182 | 0 | |a b | |
| 200 | 1 | |a Social image of the entrepreneur |f N. G. Maksimova | |
| 203 | |a Text |c electronic | ||
| 215 | |a 1 файл (159 Кб) | ||
| 225 | 1 | |a Социологические науки | |
| 300 | |a Title screen | ||
| 320 | |a [References: 5 tit.] | ||
| 330 | |a Currently the role of entrepreneurship has a special significance. The entrepreneur in the world is considered as “an engine” of a scientific and technological progress, a creator of spiritual and material benefits and the owner of special personal qualities. He/she is able to change the values of society and cultural traditions in addition to creating "new" ones. The new aspects of social function belonging to the entrepreneur can be observed. Entrepreneurship is a social and economic phenomenon that is necessary for the effective society development. Moreover, entrepreneurship education is a social order of the State. The purpose of training is not to turn everyone into entrepreneurs, but to help to understand entrepreneurial thinking, to see the world in different perspectives, to ensure the production of new knowledge. This paper formulates the concept of “entrepreneurial skills for a University student”. | ||
| 461 | 1 | |0 (RuTPU)RU\TPU\prd\225573 |x 2312-2978 |t Journal of Economics and Social Sciences |o electronic scientific journal |d 2012- | |
| 463 | 1 | |0 (RuTPU)RU\TPU\prd\282526 |t № 13 |v [5 p.] |d 2018 | |
| 610 | 1 | |a труды учёных ТПУ | |
| 610 | 1 | |a электронный ресурс | |
| 610 | 1 | |a entrepreneurship education | |
| 610 | 1 | |a social function | |
| 610 | 1 | |a way of life | |
| 610 | 1 | |a entrepreneurship | |
| 610 | 1 | |a обучение | |
| 610 | 1 | |a предпринимательство | |
| 610 | 1 | |a социальные функции | |
| 610 | 1 | |a образ жизни | |
| 700 | 1 | |a Maksimova |b N. G. |c economist |c Senior Lecturer of Tomsk Polytechnic University |f 1975- |g Nataliya Gennadievna |3 (RuTPU)RU\TPU\pers\33401 |9 17095 | |
| 712 | 0 | 2 | |a Национальный исследовательский Томский политехнический университет |b Школа инженерного предпринимательства |c (2017- ) |3 (RuTPU)RU\TPU\col\23544 |
| 801 | 2 | |a RU |b 63413507 |c 20190115 |g RCR | |
| 856 | 4 | 0 | |u http://earchive.tpu.ru/handle/11683/52275 |
| 942 | |c BK | ||